000 00922nas a2200289 4500
001 BR2012004688
003 BR-BrBNA
005 20231205120757.0
007 ta
008 230509b bl.|||p| |||| 00| 00por d
040 _aBR-BrBNA
_bpor
_cBiblioteca Nacional de Agricultura
041 _a(Pt)
072 _aQ02; Q70
100 1 _aBueno, C.M.
100 1 _aAlvim, I.D.
100 1 _aKoberstein, T.C.R.D.
100 1 _aPortella, M.C.
100 1 _aGrosso, C.
245 1 _aProdução de gelatina de pele de tilápia e sua utilização para obtenção de micropartículas contendo óleo de salmão
650 _aOREOCHROMIS NILOTICUS
650 _aSUBPRODUTO
650 _aSECAGEM
650 _aGORDURA ANIMAL
773 0 _tBrazilian Journal of Food Technology (Brazil)
_xISSN 1519-0900
_g(Jan-Mar 2011), v.14(1) p. 65-73
_wBR2012004688
909 _a202311
_bLúcia
_c55
_dLúcia Elande
942 _2AGRIS
_n0
_cANA
999 _c220257
_d220257